00000000nam##2200000za#4500
0019.619113
003CaOODSP
00520210615103253
007ta
008150406|2003||||xxc|||||     f|0| 0 eng|d
040 |aCaOODSP|beng
043 |an-cn---
0861 |aH50-3/162-2003E
1101 |aCanada. |bHealth Canada.
24510|aFlesh-eating disease
260 |bHealth Canada |cJanuary 2003.
300 |a[2]p. ; |c28 cm.
4901 |aIt's your health
563 |aProcessed
590 |a08-46|b2008-11-14
77508|tLa maladie mangeuse de chair |w(CaOODSP)9.628068
7760#|tFlesh-eating disease |w(CaOODSP)9.565134
830#0|aIt's your health.|w(CaOODSP)9.514736